<?xml version="1.0" encoding="UTF-8"?>
<record
    xmlns:xsi="http://www.w3.org/2001/XMLSchema-instance"
    xsi:schemaLocation="http://www.loc.gov/MARC21/slim http://www.loc.gov/standards/marcxml/schema/MARC21slim.xsd"
    xmlns="http://www.loc.gov/MARC21/slim">

  <leader>00728nam a22002177a 4500</leader>
  <controlfield tag="005">20141029151934.0</controlfield>
  <datafield tag="010" ind1=" " ind2=" ">
    <subfield code="a">B-535610-619</subfield>
  </datafield>
  <datafield tag="020" ind1=" " ind2=" ">
    <subfield code="a">9788175413771</subfield>
    <subfield code="c">220.00</subfield>
  </datafield>
  <datafield tag="035" ind1=" " ind2=" ">
    <subfield code="a">B-535610-619</subfield>
  </datafield>
  <datafield tag="037" ind1=" " ind2=" ">
    <subfield code="b">UBH/Ven</subfield>
  </datafield>
  <datafield tag="082" ind1=" " ind2=" ">
    <subfield code="a">370.954</subfield>
  </datafield>
  <datafield tag="100" ind1=" " ind2=" ">
    <subfield code="a">Gupta S.</subfield>
  </datafield>
  <datafield tag="245" ind1=" " ind2=" ">
    <subfield code="a">Education in emerging India /</subfield>
    <subfield code="c">by S.Gupta</subfield>
  </datafield>
  <datafield tag="250" ind1=" " ind2=" ">
    <subfield code="a">2nd ed.</subfield>
  </datafield>
  <datafield tag="260" ind1=" " ind2=" ">
    <subfield code="a"> Delhi</subfield>
    <subfield code="b">Shipra Publications</subfield>
    <subfield code="c">2011</subfield>
  </datafield>
  <datafield tag="270" ind1=" " ind2=" ">
    <subfield code="a">LG-18-19, Pankaj Central Market, Patparganj, I.P.Ext.</subfield>
    <subfield code="b">Delhi</subfield>
    <subfield code="e">110092</subfield>
  </datafield>
  <datafield tag="300" ind1=" " ind2=" ">
    <subfield code="a">vi,264p.</subfield>
    <subfield code="c">23cm(Hb)</subfield>
  </datafield>
  <datafield tag="500" ind1=" " ind2=" ">
    <subfield code="a">Includes bibliographical references and index</subfield>
  </datafield>
  <datafield tag="942" ind1=" " ind2=" ">
    <subfield code="2">ddc</subfield>
    <subfield code="c">EN</subfield>
    <subfield code="h">370.954</subfield>
    <subfield code="m">GUP</subfield>
  </datafield>
  <datafield tag="999" ind1=" " ind2=" ">
    <subfield code="c">89721</subfield>
    <subfield code="d">89721</subfield>
  </datafield>
  <datafield tag="952" ind1=" " ind2=" ">
    <subfield code="0">0</subfield>
    <subfield code="1">0</subfield>
    <subfield code="4">0</subfield>
    <subfield code="7">0</subfield>
    <subfield code="8">NFIC</subfield>
    <subfield code="a">L</subfield>
    <subfield code="b">L</subfield>
    <subfield code="d">2014-10-29</subfield>
    <subfield code="e">UBH/315/28.03.2014/148/25.03.2014/29.03.2014</subfield>
    <subfield code="g">220.00</subfield>
    <subfield code="l">10</subfield>
    <subfield code="m">1</subfield>
    <subfield code="o">370.954 GUP</subfield>
    <subfield code="p">B-535610</subfield>
    <subfield code="r">2023-04-01 00:00:00</subfield>
    <subfield code="s">2023-03-18</subfield>
    <subfield code="t">1</subfield>
    <subfield code="v">220.00</subfield>
    <subfield code="w">2014-10-29</subfield>
    <subfield code="y">EN</subfield>
  </datafield>
  <datafield tag="952" ind1=" " ind2=" ">
    <subfield code="0">0</subfield>
    <subfield code="1">0</subfield>
    <subfield code="4">0</subfield>
    <subfield code="7">0</subfield>
    <subfield code="8">NFIC</subfield>
    <subfield code="a">BL1</subfield>
    <subfield code="b">BL1</subfield>
    <subfield code="d">2014-10-29</subfield>
    <subfield code="e">UBH/315/28.03.2014/148/25.03.2014/29.03.2014</subfield>
    <subfield code="g">220.00</subfield>
    <subfield code="l">1</subfield>
    <subfield code="o">370.954 GUP</subfield>
    <subfield code="p">B-535611</subfield>
    <subfield code="r">2022-01-27 00:00:00</subfield>
    <subfield code="s">2022-01-04</subfield>
    <subfield code="t">1</subfield>
    <subfield code="v">220.00</subfield>
    <subfield code="y">EN</subfield>
  </datafield>
  <datafield tag="952" ind1=" " ind2=" ">
    <subfield code="0">0</subfield>
    <subfield code="1">0</subfield>
    <subfield code="4">0</subfield>
    <subfield code="7">0</subfield>
    <subfield code="8">NFIC</subfield>
    <subfield code="a">JP</subfield>
    <subfield code="b">JP</subfield>
    <subfield code="d">2014-10-29</subfield>
    <subfield code="e">UBH/315/28.03.2014/148/25.03.2014/29.03.2014</subfield>
    <subfield code="g">220.00</subfield>
    <subfield code="l">3</subfield>
    <subfield code="m">1</subfield>
    <subfield code="o">370.954 GUP</subfield>
    <subfield code="p">B-535612</subfield>
    <subfield code="r">2019-11-14 00:00:00</subfield>
    <subfield code="s">2019-10-14</subfield>
    <subfield code="t">1</subfield>
    <subfield code="v">220.00</subfield>
    <subfield code="y">EN</subfield>
  </datafield>
  <datafield tag="952" ind1=" " ind2=" ">
    <subfield code="0">0</subfield>
    <subfield code="1">0</subfield>
    <subfield code="4">0</subfield>
    <subfield code="7">0</subfield>
    <subfield code="8">NFIC</subfield>
    <subfield code="a">ZLS</subfield>
    <subfield code="b">ZLS</subfield>
    <subfield code="d">2014-10-29</subfield>
    <subfield code="e">UBH/315/28.03.2014/148/25.03.2014/29.03.2014</subfield>
    <subfield code="g">220.00</subfield>
    <subfield code="l">7</subfield>
    <subfield code="m">9</subfield>
    <subfield code="o">370.954 GUP</subfield>
    <subfield code="p">B-535613</subfield>
    <subfield code="r">2022-06-03 00:00:00</subfield>
    <subfield code="s">2022-05-06</subfield>
    <subfield code="t">1</subfield>
    <subfield code="v">220.00</subfield>
    <subfield code="y">EN</subfield>
  </datafield>
  <datafield tag="952" ind1=" " ind2=" ">
    <subfield code="0">0</subfield>
    <subfield code="1">0</subfield>
    <subfield code="4">0</subfield>
    <subfield code="7">0</subfield>
    <subfield code="8">NFIC</subfield>
    <subfield code="a">RKP</subfield>
    <subfield code="b">RKP</subfield>
    <subfield code="d">2014-10-29</subfield>
    <subfield code="e">UBH/315/28.03.2014/148/25.03.2014/29.03.2014</subfield>
    <subfield code="g">220.00</subfield>
    <subfield code="l">0</subfield>
    <subfield code="o">370.954 GUP</subfield>
    <subfield code="p">B-535614</subfield>
    <subfield code="r">2014-10-29 00:00:00</subfield>
    <subfield code="t">1</subfield>
    <subfield code="v">220.00</subfield>
    <subfield code="y">EN</subfield>
  </datafield>
  <datafield tag="952" ind1=" " ind2=" ">
    <subfield code="0">0</subfield>
    <subfield code="1">0</subfield>
    <subfield code="4">0</subfield>
    <subfield code="7">0</subfield>
    <subfield code="8">NFIC</subfield>
    <subfield code="a">VP</subfield>
    <subfield code="b">VP</subfield>
    <subfield code="d">2014-10-29</subfield>
    <subfield code="e">UBH/315/28.03.2014/148/25.03.2014/29.03.2014</subfield>
    <subfield code="g">220.00</subfield>
    <subfield code="l">1</subfield>
    <subfield code="o">370.954 GUP</subfield>
    <subfield code="p">B-535615</subfield>
    <subfield code="r">2015-07-25 00:00:00</subfield>
    <subfield code="s">2015-07-08</subfield>
    <subfield code="t">1</subfield>
    <subfield code="v">220.00</subfield>
    <subfield code="y">EN</subfield>
  </datafield>
  <datafield tag="952" ind1=" " ind2=" ">
    <subfield code="0">0</subfield>
    <subfield code="1">0</subfield>
    <subfield code="4">0</subfield>
    <subfield code="7">0</subfield>
    <subfield code="8">NFIC</subfield>
    <subfield code="a">BL3</subfield>
    <subfield code="b">BL3</subfield>
    <subfield code="d">2014-10-29</subfield>
    <subfield code="e">UBH/315/28.03.2014/148/25.03.2014/29.03.2014</subfield>
    <subfield code="g">220.00</subfield>
    <subfield code="l">0</subfield>
    <subfield code="o">370.954 GUP</subfield>
    <subfield code="p">B-535616</subfield>
    <subfield code="r">2014-10-29 00:00:00</subfield>
    <subfield code="t">1</subfield>
    <subfield code="v">220.00</subfield>
    <subfield code="y">EN</subfield>
  </datafield>
  <datafield tag="952" ind1=" " ind2=" ">
    <subfield code="0">4</subfield>
    <subfield code="1">6</subfield>
    <subfield code="4">0</subfield>
    <subfield code="7">0</subfield>
    <subfield code="8">NFIC</subfield>
    <subfield code="a">NRR</subfield>
    <subfield code="b">NRR</subfield>
    <subfield code="d">2014-10-29</subfield>
    <subfield code="e">UBH/315/28.03.2014/148/25.03.2014/29.03.2014</subfield>
    <subfield code="g">220.00</subfield>
    <subfield code="l">0</subfield>
    <subfield code="o">370.954 GUP</subfield>
    <subfield code="p">B-535617</subfield>
    <subfield code="r">2014-10-29 00:00:00</subfield>
    <subfield code="t">1</subfield>
    <subfield code="v">220.00</subfield>
    <subfield code="y">EN</subfield>
  </datafield>
  <datafield tag="952" ind1=" " ind2=" ">
    <subfield code="0">0</subfield>
    <subfield code="1">0</subfield>
    <subfield code="4">0</subfield>
    <subfield code="7">0</subfield>
    <subfield code="8">NFIC</subfield>
    <subfield code="a">NR</subfield>
    <subfield code="b">NR</subfield>
    <subfield code="d">2014-10-29</subfield>
    <subfield code="e">UBH/315/28.03.2014/148/25.03.2014/29.03.2014</subfield>
    <subfield code="g">220.00</subfield>
    <subfield code="l">0</subfield>
    <subfield code="o">370.954 GUP</subfield>
    <subfield code="p">B-535618</subfield>
    <subfield code="r">2014-10-29 00:00:00</subfield>
    <subfield code="t">1</subfield>
    <subfield code="v">220.00</subfield>
    <subfield code="y">EN</subfield>
  </datafield>
  <datafield tag="952" ind1=" " ind2=" ">
    <subfield code="0">0</subfield>
    <subfield code="1">0</subfield>
    <subfield code="4">0</subfield>
    <subfield code="7">0</subfield>
    <subfield code="8">NFIC</subfield>
    <subfield code="a">BL4</subfield>
    <subfield code="b">BL4</subfield>
    <subfield code="d">2014-10-29</subfield>
    <subfield code="e">UBH/315/28.03.2014/148/25.03.2014/29.03.2014</subfield>
    <subfield code="g">220.00</subfield>
    <subfield code="l">1</subfield>
    <subfield code="o">370.954 GUP</subfield>
    <subfield code="p">B-535619</subfield>
    <subfield code="r">2021-10-01 00:00:00</subfield>
    <subfield code="s">2021-09-25</subfield>
    <subfield code="t">1</subfield>
    <subfield code="v">220.00</subfield>
    <subfield code="y">EN</subfield>
  </datafield>
</record>
